[Event "Medellin Feria de las Flores op"]
[Site "Medellin"]
[Date "2022.08.07"]
[Round "8"]
[White "Becerra Saldarriaga, Emelyn"]
[Black "Gallon Ramirez, Tomas"]
[Result "0-1"]
[WhiteElo "1507"]
[BlackElo "1410"]
[PlyCount "63"]
[EventDate "2022.08.03"]
[EventType "swiss"]
[EventRounds "9"]
[EventCountry "COL"]
[SourceTitle "CBM 209 Extra"]
[Source "ChessBase"]
[SourceDate "2022.09.30"]
[SourceVersion "1"]
[SourceVersionDate "2022.09.30"]
[SourceQuality "1"]

1. e4 c5 2. d3 e6 3. Nd2 d5 4. Ngf3 Nc6 5. g3 Bd6 6. Qe2 Nge7 7. e5 Bc7 8. c3 d4 9. Nb3 b6 10. cxd4 cxd4 11. Bg2 Bb7 12. 0-0 Qd7 13. Bf4 0-0 14. h4 Nd5 15. Qd2 Nxf4 16. gxf4 f6 17. Rfe1 fxe5 18. fxe5 Rf5 19. Qe2 Raf8 20. Nbd2 Nxe5 21. Nxe5 Rxe5 22. Ne4 Qe7 23. Qg4 Ref5 24. f3 Rf4 25. Qg5 Bd8 26. Qxe7 Bxe7 27. Ng5 Bxg5 28. hxg5 Bxf3 29. Bh3 Bd5 30. Rf1 Rxf1+ 31. Rxf1 Rxf1+ 32. Bxf1 0-1

[Event "Medellin Feria de las Flores op"]
[Site "Medellin"]
[Date "2022.08.03"]
[Round "1"]
[White "Pazos Gambarrotti, Plinio Efrain"]
[Black "Becerra Saldarriaga, Emelyn"]
[Result "1-0"]
[WhiteElo "2091"]
[BlackElo "1507"]
[PlyCount "107"]
[EventDate "2022.08.03"]
[EventType "swiss"]
[EventRounds "9"]
[EventCountry "COL"]
[SourceTitle "CBM 209 Extra"]
[Source "ChessBase"]
[SourceDate "2022.09.30"]
[SourceVersion "1"]
[SourceVersionDate "2022.09.30"]
[SourceQuality "1"]

1. d4 d5 2. c4 c6 3. Nf3 Nf6 4. e3 Nbd7 5. Nc3 e6 6. Bd3 Bb4 7. 0-0 0-0 8. Bd2 Bd6 9. Qe2 e5 10. cxd5 cxd5 11. dxe5 Nxe5 12. Nxe5 Bxe5 13. Rfd1 a6 14. Bc2 Re8 15. Be1 d4 16. Qd3 Bg4 17. Ne2 dxe3 18. f3 Qxd3 19. Bxd3 Be6 20. Bc3 Bxc3 21. Nxc3 Rad8 22. Ne4 Nxe4 23. Bxe4 Rxd1+ 24. Rxd1 Bxa2 25. Re1 f5 26. Bxf5 e2 27. Bd3 Rd8 28. Be4 Rd1 29. Kf2 Bc4 30. Bxb7 Kf7 31. b3 Bb5 32. f4 Kf6 33. Bf3 Rd3 34. Rb1 Rd2 35. Ke1 Rd4 36. g3 h6 37. Bxe2 Re4 38. Rb2 g5 39. fxg5+ hxg5 40. Kf2 Bxe2 41. Rxe2 Rb4 42. Ra2 Rb6 43. Ra3 Kg6 44. g4 Kf6 45. Ke3 a5 46. Kd3 Rb5 47. h3 Ke5 48. Kc4 Rb4+ 49. Kc3 Kf4 50. Rxa5 Rb6 51. Rf5+ Kg3 52. Rxg5 Kxh3 53. b4 Kh4 54. Rg8 1-0

[Event "Medellin U2000 op"]
[Site "Medellin"]
[Date "2022.05.22"]
[Round "7"]
[White "Narvaez Berrio, Alexander"]
[Black "Becerra Saldarriaga, Emelyn"]
[Result "1-0"]
[WhiteElo "1352"]
[BlackElo "1576"]
[PlyCount "65"]
[EventDate "2022.05.18"]
[EventType "swiss"]
[EventRounds "7"]
[EventCountry "COL"]
[SourceTitle "CBM 208 Extra"]
[Source "ChessBase"]
[SourceDate "2022.07.31"]
[SourceVersion "1"]
[SourceVersionDate "2022.07.31"]
[SourceQuality "1"]

1. d4 d5 2. Bf4 Nf6 3. e3 a6 4. h3 c5 5. c3 Nc6 6. Nd2 Bf5 7. Ngf3 Qb6 8. Qb3 Qxb3 9. axb3 cxd4 10. exd4 Nd7 11. Be2 f6 12. 0-0 e5 13. dxe5 fxe5 14. Bg3 Be7 15. Nh4 Be6 16. Bh5+ g6 17. Be2 Kf7 18. f4 Bc5+ 19. Kh2 Bf5 20. Nxf5 gxf5 21. fxe5 Ke6 22. Nf3 Ndxe5 23. Rae1 Rhg8 24. Nxe5 Nxe5 25. Bd3 Bd6 26. Bxf5+ Ke7 27. Bxe5 Bxe5+ 28. Rxe5+ Kd6 29. Re6+ Kc5 30. Rf4 a5 31. b4+ axb4 32. cxb4+ Kb5 33. b3 1-0

[Event "Medellin U2000 op"]
[Site "Medellin"]
[Date "2022.05.19"]
[Round "2"]
[White "Becerra Saldarriaga, Emelyn"]
[Black "Ferrer, Carlos Mario"]
[Result "1-0"]
[WhiteElo "1576"]
[BlackElo "1488"]
[PlyCount "55"]
[EventDate "2022.05.18"]
[EventType "swiss"]
[EventRounds "7"]
[EventCountry "COL"]
[SourceTitle "CBM 208 Extra"]
[Source "ChessBase"]
[SourceDate "2022.07.31"]
[SourceVersion "1"]
[SourceVersionDate "2022.07.31"]
[SourceQuality "1"]

1. e4 e5 2. Nf3 Bd6 3. Bc4 Nf6 4. Nc3 0-0 5. 0-0 a6 6. d3 h6 7. Ne2 b5 8. Bb3 c5 9. c3 a5 10. Bc2 Nc6 11. d4 exd4 12. cxd4 cxd4 13. Nexd4 Nxd4 14. Qxd4 Qe7 15. e5 Bc5 16. exf6 gxf6 17. Qg4+ Kh8 18. Bxh6 Rg8 19. Qh4 Rg6 20. Bf8+ Kg8 21. Bxe7 Bxe7 22. Bxg6 fxg6 23. Qe4 Rb8 24. Qxe7 d6 25. Qxd6 Rb7 26. Qd8+ Kg7 27. Qxc8 Rf7 28. Rac1 1-0

[Event "Medellin Easter op 10th"]
[Site "Medellin"]
[Date "2022.04.16"]
[Round "6"]
[White "Becerra Saldarriaga, Emelyn"]
[Black "Valle, Efrain"]
[Result "0-1"]
[WhiteElo "1616"]
[BlackElo "2008"]
[PlyCount "38"]
[EventDate "2022.04.13"]
[EventType "swiss"]
[EventRounds "8"]
[EventCountry "COL"]
[SourceTitle "CBM 207 Extra"]
[Source "ChessBase"]
[SourceDate "2022.05.31"]
[SourceVersion "1"]
[SourceVersionDate "2022.05.31"]
[SourceQuality "1"]

1. e4 Nc6 2. Nf3 d5 3. exd5 Qxd5 4. Nc3 Qd6 5. g3 Bg4 6. h3 Qe6+ 7. Qe2 Bxf3 8. Qxe6 fxe6 9. Rg1 Nb4 10. Bb5+ c6 11. Ba4 0-0-0 12. d3 g6 13. Bf4 Bh6 14. Be5 Nf6 15. g4 Bg7 16. a3 Na6 17. b4 b5 18. Bb3 Bd5 19. Bxd5 exd5 0-1